Comptia A+ Guide to Managing and Maintaing your PC (Record no. 18532)

MARC details
000 -LEADER
fixed length control field 00443nam a22001697a 4500
005 - DATE AND TIME OF LATEST TRANSACTION
control field 20230526102631.0
008 - FIXED-LENGTH DATA ELEMENTS--GENERAL INFORMATION
fixed length control field 230526b |||||||| |||| 00| 0 eng d
020 ## - INTERNATIONAL STANDARD BOOK NUMBER
ISBN 9780619217587
082 ## - DEWEY DECIMAL CLASSIFICATION NUMBER
Classification number 621.391
Item number AND-C
100 ## - MAIN ENTRY--AUTHOR
Author Name Andrews,Jeans
245 ## - TITLE STATEMENT
Title Comptia A+ Guide to Managing and Maintaing your PC
250 ## - EDITION STATEMENT
Edition statement 6th
260 ## - PUBLICATION, DISTRIBUTION, ETC.
Place of Publication USA
Name of publisher, distributor, etc. Thomson
Date of publication, distribution, etc. 2007
300 ## - PHYSICAL DESCRIPTION
Pages 1347
650 ## - SUBJECT ADDED ENTRY--TOPICAL TERM
Subject / Department Computer Technician/Computer Science
952 ## - LOCATION AND ITEM INFORMATION (KOHA)
-- 0
-- 0
952 ## - LOCATION AND ITEM INFORMATION (KOHA)
-- 0
-- 0
952 ## - LOCATION AND ITEM INFORMATION (KOHA)
-- 0
-- 0
952 ## - LOCATION AND ITEM INFORMATION (KOHA)
-- 0
-- 0
952 ## - LOCATION AND ITEM INFORMATION (KOHA)
-- 0
-- 0
Holdings
Lost status Damaged status Permanent Location Current Location Shelving Location Date acquired Full Call Number Accession No./Barcode Date last seen item type
    Superior Information Resource Center (SIRC) Superior University- Gold Campus Superior Information Resource Center (SIRC) Superior University- Gold Campus computer science 05/26/2023 621.391 AND-C 2007 19222 05/26/2023 BOOK
    Superior Information Resource Center (SIRC) Superior University- Gold Campus Superior Information Resource Center (SIRC) Superior University- Gold Campus computer science 05/26/2023 621.391 AND-C 2007 19223 05/26/2023 BOOK
    Superior Information Resource Center (SIRC) Superior University- Gold Campus Superior Information Resource Center (SIRC) Superior University- Gold Campus computer science 05/27/2023 621.391 AND-C 2007 19236 05/27/2023 BOOK
    Superior Information Resource Center (SIRC) Superior University- Gold Campus Superior Information Resource Center (SIRC) Superior University- Gold Campus computer science 05/27/2023 621.391 AND-C 2007 19237 05/27/2023 BOOK
    Superior Information Resource Center (SIRC) Superior University- Gold Campus Superior Information Resource Center (SIRC) Superior University- Gold Campus computer science 05/27/2023 621.391 AND-C 2007 19238 05/27/2023 BOOK

Powered by Koha